| 000 | 00820nam a2200241 a 4500 | ||
|---|---|---|---|
| 001 | 000019355 | ||
| 005 | 20250522113520.0 | ||
| 008 | 100625s1976 flu 000 0 spa d | ||
| 020 | _a082970499x | ||
| 040 |
_aDO-SdBNP _bspa _cBNPHU |
||
| 041 | 1 | 7 |
_aspa _heng _2Código de idioma MARC |
| 082 |
_a155.4 _bD635a |
||
| 100 | 1 |
_aDobson, James, _941591 |
|
| 240 | 1 | 0 |
_aDare to discipline. _lEspañol. |
| 245 | 1 | 0 |
_aAtrévete a disciplinar / _cJames Dobson ; traducción de Edwin Sipowicz. |
| 260 |
_aDeerfield, Florida ; : _bVida, _c1976. |
||
| 300 |
_a223 p. : _bil. ; _c18 cm. |
||
| 534 |
_pTítulo original en inglés: _tDare to discipline. _cTyndale House Publishing, 1970. |
||
| 650 | 0 |
_aPsicología infantil _92718 |
|
| 650 | 0 |
_aDesarrollo infantil _92717 |
|
| 700 | 1 |
_aSipowicz, Edwin, _etr. _941592 |
|
| 049 | _aBNGR | ||
| 999 |
_c18872 _d18872 |
||